<?xml version="1.0" encoding="UTF-8"?><?xml-stylesheet type="text/xsl" href="static/style.xsl"?><OAI-PMH xmlns="http://www.openarchives.org/OAI/2.0/" xmlns:xsi="http://www.w3.org/2001/XMLSchema-instance" xsi:schemaLocation="http://www.openarchives.org/OAI/2.0/ http://www.openarchives.org/OAI/2.0/OAI-PMH.xsd"><responseDate>2026-04-17T20:24:16Z</responseDate><request verb="GetRecord" identifier="oai:www.recercat.cat:2445/21874" metadataPrefix="marc">https://recercat.cat/oai/request</request><GetRecord><record><header><identifier>oai:recercat.cat:2445/21874</identifier><datestamp>2025-12-05T02:12:42Z</datestamp><setSpec>com_2072_1057</setSpec><setSpec>col_2072_478772</setSpec><setSpec>col_2072_478917</setSpec></header><metadata><record xmlns="http://www.loc.gov/MARC21/slim" xmlns:dcterms="http://purl.org/dc/terms/" xmlns:xsi="http://www.w3.org/2001/XMLSchema-instance" xmlns:doc="http://www.lyncode.com/xoai" xsi:schemaLocation="http://www.loc.gov/MARC21/slim http://www.loc.gov/standards/marcxml/schema/MARC21slim.xsd">
   <leader>00925njm 22002777a 4500</leader>
   <datafield ind2=" " ind1=" " tag="042">
      <subfield code="a">dc</subfield>
   </datafield>
   <datafield ind2=" " ind1=" " tag="720">
      <subfield code="a">Gonzalo Carbó, Antoni</subfield>
      <subfield code="e">author</subfield>
   </datafield>
   <datafield ind2=" " ind1=" " tag="260">
      <subfield code="c">2012-02-10T08:32:09Z</subfield>
   </datafield>
   <datafield ind2=" " ind1=" " tag="260">
      <subfield code="c">2012-02-10T08:32:09Z</subfield>
   </datafield>
   <datafield ind2=" " ind1=" " tag="260">
      <subfield code="c">2000</subfield>
   </datafield>
   <datafield ind2=" " ind1=" " tag="520">
      <subfield code="a">El presente artículo analiza la significación simbólica del color como manifestación de la Belleza divina en el Diarium spirituale (La revelación de los secretos, Kaslzfal-nsr2r) de RGzbihh Baqli ShirazT (m. 606/1209), uno de los grandes místicos del amor del sufismo persa. El diario de RGzbihan es un documento excepcional de la literatura sufí. Paul Nwyia ha descrito este texto como «único en el campo de La mística islámica, incluso de la literatura mística universal», y Henry Corbin era de la misma opinión. El diario de RGzbihari está lleno de visiones de asombrosa intensidad, y contiene encuentros extraordinarios con Dios, los ángeles, los profetas y los santos sufíes. A su vez, en el arte moderno, los Diarios de Paul Klee muestran la vigencia del sentido espiritual del color como una forma de visión interior.</subfield>
   </datafield>
   <datafield tag="653" ind2=" " ind1=" ">
      <subfield code="a">Sufisme</subfield>
   </datafield>
   <datafield tag="653" ind2=" " ind1=" ">
      <subfield code="a">Simbolisme dels colors</subfield>
   </datafield>
   <datafield tag="653" ind2=" " ind1=" ">
      <subfield code="a">Sufism</subfield>
   </datafield>
   <datafield tag="653" ind2=" " ind1=" ">
      <subfield code="a">Baqli, Ruzbihan ibn Abi al-Nasr, m. 1209 o 10. Diarium spirituale</subfield>
   </datafield>
   <datafield tag="653" ind2=" " ind1=" ">
      <subfield code="a">Baqli, Ruzbihan ibn Abi al-Nasr, m. 1209 o 10. Diarium spirituale</subfield>
   </datafield>
   <datafield ind2="0" ind1="0" tag="245">
      <subfield code="a">El cielo teñido de rojo: La visión del color en el Diarium spirituale de Rûzbihân Baqlî (m. 606/1209)</subfield>
   </datafield>
</record></metadata></record></GetRecord></OAI-PMH>